000 03724 a2200169 4500
003 OSt
005 20260206134936.0
008 260206b |||||||| |||| 00| 0 eng d
020 _a9789395664523
100 _aकुंटे श.
_9216652
245 _a तामिळनाडूची गौरवशाली परंपरा
260 _bभारतीय विचार साधना प्रकाशन
_c2023
_aपुणे
300 _a154pp.
500 _aप्राचीन इतिहास आणि साम्राज्ये: चोल, चेरा आणि पांड्य यांसारख्या महान वंशांनी तामिळनाडूला एक गौरवशाली इतिहास दिला आहे [३]. कला आणि संस्कृती: भरतनाट्यम: हे जगातील सर्वात जुन्या आणि प्रसिद्ध शास्त्रीय नृत्यांपैकी एक आहे, जे तामिळनाडूच्या सांस्कृतिक सौंदर्याचे प्रतीक आहे [२, ८]. संगीत: कर्नाटक संगीत (Carnatic Music) ही या राज्याची मोठी देणगी आहे. वास्तुकला आणि मंदिरे: तंजावूरचे बृहदीश्वर मंदिर (चोल वास्तुकला), मदुराईचे मीनाक्षी मंदिर यांसारखी मंदिरे म्हणजे द्रविडीयन स्थापत्यकलेचे उत्कृष्ट नमुने आहेत [३, ५]. साहित्य: तमिळ भाषा ही सर्वात जुन्या अभिजात भाषांपैकी एक आहे. 'सिलप्पाथीकरम' आणि 'मणिमेकलाई' ही शास्त्रीय महाकाव्ये तमिळ साहित्याचा पाया आहेत [१]. सण आणि परंपरा: 'पोंगल' हा तामिळनाडूचा मुख्य सुगीचा सण आहे, जो मोठ्या उत्साहात साजरा केला जातो [६]. पोशाख आणि पाककृती: कांजीवरम सिल्क साड्या, पुरुषांसाठी लुंगी/धोती (वेष्टी) हा पारंपरिक पोशाख आहे. खाद्यपदार्थांमध्ये इडली, डोसा, वडा, सांबार आणि चेट्टीनाड पाककृती प्रसिद्ध आहेत
520 _aतामिळनाडूची परंपरा ही ६,००० वर्षांहून अधिक जुनी, अत्यंत समृद्ध आणि जिवंत संस्कृती आहे, जी प्रामुख्याने द्रविडीयन वारसा, भरतनाट्यम नृत्य, प्राचीन मंदिर वास्तुकला (चोल, पांड्य, पल्लव काळ), तमिळ साहित्य, पोंगल सण आणि स्वादिष्ट पाककृतींसाठी ओळखली जाते. हे राज्य आपल्या कला, संगीत आणि अध्यात्मिक वारसा जपून आहे
942 _cBK
_2ddc
999 _c370205
_d370205